[Event "Canadian op U2000"]
[Site "Windsor"]
[Date "2016.07.17"]
[Round "9.29"]
[White "Zhou, Aiden"]
[Black "Thanabalachandran, Kajan"]
[Result "1-0"]
[WhiteElo "1894"]
[BlackElo "1846"]
[PlyCount "121"]
[EventDate "2016.07.10"]
[EventType "swiss"]
[EventRounds "9"]
[EventCountry "CAN"]
[SourceTitle "EXT 2022"]
[Source "ChessBase"]
[SourceDate "2021.10.06"]
[SourceVersion "1"]
[SourceVersionDate "2021.10.06"]
[SourceQuality "1"]

1. d4 d5 2. Bf4 Nf6 3. e3 c5 4. Nc3 Nc6 5. Nb5 Bg4 6. f3 Bf5 7. Nc7+ Kd7 8. Nxa8 Qxa8 9. c3 c4 10. e4 Be6 11. e5 Nh5 12. Be3 g6 13. b3 b5 14. b4 a5 15. a3 f5 16. Nh3 Bf7 17. Ng5 Bg8 18. a4 Qb7 19. axb5 Qxb5 20. bxa5 Nxa5 21. Qa4 Qxa4 22. Rxa4 Nc6 23. Ra8 Nd8 24. g4 Ng7 25. Bg2 e6 26. 0-0 Be7 27. Rfa1 Ne8 28. Nh3 Nc7 29. Rb8 Nc6 30. Rb6 Bf7 31. Bg5 h6 32. Bxe7 Nxe7 33. Rd6+ Ke8 34. Rb6 Kd7 35. Rd6+ Kc8 36. Ra7 Be8 37. Nf4 Bd7 38. Rb6 Nc6 39. Nxg6 Nxa7 40. Nxh8 fxg4 41. Rb1 Nab5 42. Rc1 gxf3 43. Bxf3 Be8 44. Kf2 Kd8 45. Ke3 Ke7 46. Kd2 Na3 47. Rg1 Ncb5 48. h4 h5 49. Bg2 Nc7 50. Kc1 Nab5 51. Kb2 Na8 52. Bf3 Nb6 53. Bd1 Nc7 54. Ng6+ Kd8 55. Nf4 Ba4 56. Bxa4 Nxa4+ 57. Kc2 Nxc3 58. Rg8+ Kd7 59. Rg7+ Kd8 60. Rxc7 Kxc7 61. Kxc3 1-0

[Event "Canadian op U2000"]
[Site "Windsor"]
[Date "2016.07.13"]
[Round "4.30"]
[White "Thanabalachandran, Kajan"]
[Black "Koltai, Daniel"]
[Result "0-1"]
[WhiteElo "1846"]
[BlackElo "1781"]
[PlyCount "64"]
[EventDate "2016.07.10"]
[EventType "swiss"]
[EventRounds "9"]
[EventCountry "CAN"]
[SourceTitle "EXT 2022"]
[Source "ChessBase"]
[SourceDate "2021.10.06"]
[SourceVersion "1"]
[SourceVersionDate "2021.10.06"]
[SourceQuality "1"]

1. e4 c5 2. Nf3 d6 3. d4 cxd4 4. Nxd4 Nf6 5. Nc3 g6 6. Be3 Bg7 7. f3 0-0 8. Qd2 Nc6 9. 0-0-0 d5 10. exd5 Nxd5 11. Nxc6 bxc6 12. Bd4 e5 13. Bc5 Be6 14. Ne4 Re8 15. h4 h6 16. g4 Qc7 17. h5 g5 18. Nxg5 hxg5 19. Qxg5 Qd8 20. Qd2 Nf4 21. Qc3 Qg5 22. Be3 Rab8 23. b3 e4 24. Qd2 Rbd8 25. Bxf4 Qf6 26. c3 Rxd2 27. Bxd2 e3 28. Be1 Qxf3 29. Rg1 e2 30. Bxe2 Qxe2 31. g5 Qxa2 32. h6 Qa3+ 0-1

[Event "CAN-ch U16"]
[Site "Montreal"]
[Date "2014.07.16"]
[Round "4"]
[White "Liu, Yu Qing"]
[Black "Thanabalachandran, Kajan"]
[Result "1/2-1/2"]
[WhiteElo "1404"]
[BlackElo "1798"]
[PlyCount "65"]
[EventDate "2014.07.15"]
[EventType "swiss"]
[EventRounds "7"]
[EventCountry "CAN"]
[SourceTitle "EXT 2022"]
[Source "ChessBase"]
[SourceDate "2021.10.06"]
[SourceVersion "1"]
[SourceVersionDate "2021.10.06"]
[SourceQuality "1"]

1. e4 c5 2. Nf3 e6 3. d4 cxd4 4. Nxd4 a6 5. Bd3 Bc5 6. Nb3 Be7 7. 0-0 d6 8. Be3 Nf6 9. Nc3 0-0 10. f4 Nc6 11. g4 Qc7 12. g5 Nd7 13. Qh5 g6 14. Qh6 Rd8 15. Rf3 Bf8 16. Qh4 Bg7 17. Rh3 Nf8 18. Rf1 Nb4 19. a3 Nxd3 20. cxd3 d5 21. Bc5 f5 22. gxf6 Bh8 23. Be7 Kf7 24. Nd4 dxe4 25. Nce2 Rxd4 26. Nxd4 Qb6 27. Qf2 e5 28. f5 Qxd4 29. fxg6+ Nxg6 30. Rxh7+ Kg8 31. Rh6 Kf7 32. Rh7+ Kg8 33. Rh6 1/2-1/2

[Event "CAN-ch U16"]
[Site "Montreal"]
[Date "2014.07.15"]
[Round "1"]
[White "Thanabalachandran, Kajan"]
[Black "Yu, Zong Yang"]
[Result "0-1"]
[WhiteElo "1798"]
[BlackElo "2287"]
[PlyCount "112"]
[EventDate "2014.07.15"]
[EventType "swiss"]
[EventRounds "7"]
[EventCountry "CAN"]
[SourceTitle "EXT 2022"]
[Source "ChessBase"]
[SourceDate "2021.10.06"]
[SourceVersion "1"]
[SourceVersionDate "2021.10.06"]
[SourceQuality "1"]

1. e4 c5 2. Nf3 d6 3. d4 cxd4 4. Nxd4 Nf6 5. Nc3 Nc6 6. Bg5 e6 7. Qd2 a6 8. 0-0-0 h6 9. Be3 Be7 10. f3 Nxd4 11. Bxd4 e5 12. Be3 Be6 13. Nd5 Nxd5 14. exd5 Bf5 15. Bd3 Bxd3 16. Qxd3 Bg5 17. Bxg5 Qxg5+ 18. Qd2 0-0 19. Qxg5 hxg5 20. h4 gxh4 21. Rxh4 f5 22. Rdh1 Kf7 23. g4 f4 24. Kd2 Rac8 25. Rd1 Rh8 26. Rxh8 Rxh8 27. Kc3 Rh3 28. Rd3 Rh2 29. Rd2 Rh1 30. Rd3 Rg1 31. Kd2 Rg2+ 32. Kc3 Kf6 33. Rd2 Rg3 34. Rf2 e4 35. Kd4 e3 36. Rf1 Rg2 37. Kd3 Ke5 38. c4 Rd2+ 39. Kc3 Rf2 40. Rh1 Rxf3 41. Rh7 Kf6 42. g5+ Kg6 43. Rh8 e2+ 44. Kd2 Re3 45. Ke1 f3 46. Rh2 Rd3 47. Rxe2 fxe2 48. Kxe2 Rd4 49. b3 b5 50. Ke3 Rd1 51. Ke2 Ra1 52. c5 Rxa2+ 53. Kd3 dxc5 54. d6 Kf7 55. g6+ Ke6 56. d7 Kxd7 0-1

[Event "Toronto NAYCC U16"]
[Site "Toronto"]
[Date "2013.08.15"]
[Round "3"]
[White "Thanabalachandran, Kajan"]
[Black "Wang, Jalen"]
[Result "0-1"]
[WhiteElo "1823"]
[BlackElo "2167"]
[PlyCount "56"]
[EventDate "2013.08.14"]
[EventType "swiss"]
[EventRounds "9"]
[EventCountry "CAN"]
[SourceTitle "EXT 2022"]
[Source "ChessBase"]
[SourceDate "2021.10.06"]
[SourceVersion "1"]
[SourceVersionDate "2021.10.06"]
[SourceQuality "1"]

1. e4 e6 2. d4 d5 3. Bd3 dxe4 4. Bxe4 Nf6 5. Bf3 c5 6. Ne2 Be7 7. 0-0 0-0 8. Nbc3 Nc6 9. Be3 cxd4 10. Nxd4 Bd7 11. Qd2 Qc8 12. Rad1 Ne5 13. Ne4 Nxf3+ 14. Nxf3 Bc6 15. Nxf6+ Bxf6 16. Nd4 Rd8 17. Qe2 Bd5 18. b3 e5 19. Nb5 b6 20. Nxa7 Qb7 21. Nb5 Bxg2 22. Rxd8+ Bxd8 23. Ra1 Bf3 24. Qd2 Qe4 25. h3 Qg6+ 26. Bg5 Bxg5 27. Qd3 e4 28. Qf1 Bf4+ 0-1

[Event "CAN-ch U16"]
[Site "Ottawa"]
[Date "2013.07.11"]
[Round "3"]
[White "Zhang, Kevin3"]
[Black "Thanabalachandran, Kajan"]
[Result "1/2-1/2"]
[WhiteElo "2000"]
[BlackElo "1759"]
[PlyCount "34"]
[EventDate "2013.07.10"]
[EventType "swiss"]
[EventRounds "6"]
[EventCountry "CAN"]
[SourceTitle "EXT 2022"]
[Source "ChessBase"]
[SourceDate "2021.10.06"]
[SourceVersion "1"]
[SourceVersionDate "2021.10.06"]
[SourceQuality "1"]

1. d4 Nf6 2. Nf3 g6 3. c4 Bg7 4. Nc3 0-0 5. e4 d6 6. Bf4 Nbd7 7. Bg3 c6 8. Be2 Nh5 9. Qd2 Nxg3 10. hxg3 e5 11. dxe5 Nxe5 12. Nxe5 dxe5 13. 0-0-0 Qxd2+ 14. Kxd2 Be6 15. Kc2 Rad8 16. Rhe1 Rd4 17. f3 Rfd8 1/2-1/2

[Event "CAN-ch U14"]
[Site "Vancouver"]
[Date "2012.07.05"]
[Round "5"]
[White "Shi, Diwen"]
[Black "Thanabalachandran, Kajan"]
[Result "1-0"]
[WhiteElo "1803"]
[BlackElo "1509"]
[PlyCount "71"]
[EventDate "2012.07.03"]
[EventType "swiss"]
[EventRounds "7"]
[EventCountry "CAN"]
[SourceTitle "EXT 2022"]
[Source "ChessBase"]
[SourceDate "2021.10.06"]
[SourceVersion "1"]
[SourceVersionDate "2021.10.06"]
[SourceQuality "1"]

1. e4 c5 2. Nc3 Nc6 3. f4 d6 4. Nf3 g6 5. Bc4 Bg7 6. 0-0 Bg4 7. Bxf7+ Kf8 8. Bxg8 Rxg8 9. h3 Bd7 10. d3 Bf6 11. Nd5 Bg7 12. c3 e6 13. Ne3 Bf6 14. Bd2 Kg7 15. Ng4 Rf8 16. e5 Be7 17. exd6 Bxd6 18. Nge5 Nxe5 19. fxe5 Bc7 20. Qb3 Bb6 21. Qc4 Qc7 22. Qh4 Qd8 23. Bg5 Qe8 24. Bh6+ Kg8 25. Bxf8 Qxf8 26. Ng5 Qg7 27. Rf7 Qxf7 28. Nxf7 Kxf7 29. Qxh7+ Ke8 30. Qh8+ Ke7 31. Qf6+ Ke8 32. Rf1 c4+ 33. d4 Bc8 34. Qf8+ Kd7 35. Qd6+ Ke8 36. Rf8# 1-0

[Event "Scarborough CC Falling Leaves U1800"]
[Site "Toronto"]
[Date "2011.11.24"]
[Round "4"]
[White "Vyravanathan, Sobiga"]
[Black "Thanabalachandran, Kajan"]
[Result "1-0"]
[WhiteElo "1453"]
[BlackElo "1594"]
[PlyCount "120"]
[EventDate "2011.11.03"]
[EventType "swiss"]
[EventRounds "7"]
[EventCountry "CAN"]
[SourceTitle "EXT 2022"]
[Source "ChessBase"]
[SourceDate "2021.10.06"]
[SourceVersion "1"]
[SourceVersionDate "2021.10.06"]
[SourceQuality "1"]

1. e4 c5 2. Nf3 Nc6 3. d4 cxd4 4. Nxd4 Nf6 5. Nc3 d6 6. Bg5 Bd7 7. Be2 a6 8. 0-0 Qb6 9. Nb3 h6 10. Be3 Qc7 11. Bf3 Ne5 12. Be2 Neg4 13. Bf4 g5 14. Bg3 h5 15. h3 h4 16. Bh2 Nxh2 17. Kxh2 d5+ 18. Kg1 dxe4 19. Nd5 Nxd5 20. Qxd5 Qc6 21. Qxg5 Qxc2 22. Bg4 Bxg4 23. Qxg4 Qc6 24. Rfc1 Qd7 25. Qxe4 f5 26. Qe5 Rg8 27. Rd1 Qc6 28. Qd5 Qxd5 29. Rxd5 e6 30. Rd4 Be7 31. Re1 Kf7 32. Rd7 b6 33. Nd4 Rg6 34. Nxf5 exf5 35. Rdxe7+ Kg8 36. R7e6 Rxe6 37. Rxe6 b5 38. Rf6 Rc8 39. Rxa6 Rc1+ 40. Kh2 Rc2 41. b3 Rxf2 42. Ra5 b4 43. Ra4 f4 44. Kg1 Rb2 45. Rxb4 Rxa2 46. Rxf4 Rb2 47. b4 Kg7 48. Rxh4 Kg6 49. Rf4 Kg5 50. Rc4 Kf5 51. Kh2 Kg6 52. Kg3 Kf6 53. Kf3 Kg6 54. g3 Rb3+ 55. Kg4 Ra3 56. b5 Rb3 57. Rc6+ Kf7 58. b6 Ke8 59. h4 Kd8 60. Rf6 Ke7 1-0

[Event "Scarborough CC Howard Ridout U1800"]
[Site "Toronto"]
[Date "2011.09.29"]
[Round "3"]
[White "Veecock, Carl"]
[Black "Thanabalachandran, Kajan"]
[Result "0-1"]
[WhiteElo "1323"]
[BlackElo "1594"]
[PlyCount "96"]
[EventDate "2011.09.08"]
[EventType "swiss"]
[EventRounds "6"]
[EventCountry "CAN"]
[SourceTitle "EXT 2022"]
[Source "ChessBase"]
[SourceDate "2021.10.06"]
[SourceVersion "1"]
[SourceVersionDate "2021.10.06"]
[SourceQuality "1"]

1. Nf3 c5 2. d4 e6 3. dxc5 Bxc5 4. e3 Nf6 5. Nc3 0-0 6. Be2 Nc6 7. 0-0 d5 8. Na4 Bd6 9. b3 a6 10. Nc3 Qc7 11. g3 Ne5 12. Bb2 Bd7 13. Rb1 Rac8 14. a3 Nxf3+ 15. Bxf3 Be5 16. Qd2 Bxc3 17. Bxc3 Qxc3 18. Qxc3 Rxc3 19. Rfc1 Rfc8 20. Rb2 Bb5 21. a4 Bd3 22. cxd3 Rxc1+ 23. Kg2 R8c2 24. Rxc2 Rxc2 25. Bd1 Rd2 26. Bf3 Rxd3 27. b4 Rb3 28. b5 axb5 29. axb5 Rxb5 30. Be2 Rb2 31. Bd3 Ng4 32. Kf3 f5 33. Be2 e5 34. h3 e4+ 35. Kf4 Rxe2 36. hxg4 Rxf2+ 37. Ke5 b5 38. gxf5 b4 39. Kxd5 b3 40. Kxe4 b2 41. g4 b1Q+ 42. Ke5 Qb3 43. Ke4 h6 44. Kd4 Rd2+ 45. Ke4 Qd5+ 46. Kf4 Rf2+ 47. Kg3 Qf3+ 48. Kh4 Rh2# 0-1

[Event "Scarborough CC Spring Into Summer U1700"]
[Site "Toronto"]
[Date "2011.06.30"]
[Round "9"]
[White "Thanabalachandran, Kajan"]
[Black "Xiao, Jerry"]
[Result "1-0"]
[WhiteElo "1599"]
[BlackElo "930"]
[PlyCount "57"]
[EventDate "2011.04.28"]
[EventType "swiss"]
[EventRounds "9"]
[EventCountry "CAN"]
[SourceTitle "EXT 2022"]
[Source "ChessBase"]
[SourceDate "2021.10.06"]
[SourceVersion "1"]
[SourceVersionDate "2021.10.06"]
[SourceQuality "1"]

1. e4 g6 2. d4 Bg7 3. Nc3 d6 4. Bc4 Nf6 5. Nf3 h6 6. h3 0-0 7. 0-0 c6 8. a4 d5 9. exd5 cxd5 10. Bb3 Be6 11. Bf4 Nc6 12. Qd2 Kh7 13. Rfe1 Nh5 14. Be3 a6 15. Rad1 Qd6 16. Ne2 b5 17. Nf4 Nxf4 18. Bxf4 Qd7 19. Kh1 Bxh3 20. gxh3 Qxh3+ 21. Nh2 Bxd4 22. Bxd5 Rad8 23. Bxc6 Be5 24. Qe3 Qxe3 25. Bxe3 Rc8 26. Be4 Bxb2 27. axb5 axb5 28. Bd4 Bxd4 29. Rxd4 1-0

[Event "Scarborough CC-ch Reserves U1700"]
[Site "Toronto"]
[Date "2011.03.24"]
[Round "5"]
[White "Song, Eric"]
[Black "Thanabalachandran, Kajan"]
[Result "0-1"]
[WhiteElo "1476"]
[BlackElo "1509"]
[PlyCount "92"]
[EventDate "2011.02.24"]
[EventType "swiss"]
[EventRounds "9"]
[EventCountry "CAN"]
[SourceTitle "EXT 2022"]
[Source "ChessBase"]
[SourceDate "2021.10.06"]
[SourceVersion "1"]
[SourceVersionDate "2021.10.06"]
[SourceQuality "1"]

1. e4 c5 2. Nf3 Nc6 3. d4 cxd4 4. Nxd4 Nf6 5. Nc3 d6 6. Be3 e6 7. Qd2 Be7 8. Be2 Bd7 9. 0-0 a6 10. Rad1 0-0 11. f3 Qc7 12. Bf2 Rfc8 13. Bg3 Qb6 14. Bf2 Qxb2 15. Rb1 Qa3 16. Rb3 Qa5 17. Rxb7 Nxd4 18. Bxd4 e5 19. Bxe5 dxe5 20. Rxd7 Nxd7 21. Qxd7 Bc5+ 22. Kh1 Qxc3 23. Bxa6 Rd8 24. Qb7 Ra7 25. Qb5 Qb4 26. Qxb4 Bxb4 27. Bc4 Kf8 28. Rb1 Rc7 29. Bd3 f6 30. h3 Be7 31. Kg1 Ra8 32. Ra1 Ba3 33. c4 Bb2 34. Rb1 Rxa2 35. Kh2 Ra3 36. Bf1 Ra1 37. Rxb2 Rxf1 38. Rb8+ Ke7 39. Rb2 Rc1 40. Ra2 R1xc4 41. Ra3 h5 42. Ra5 h4 43. Rb5 Rc1 44. f4 exf4 45. Rh5 Rf1 46. Rxh4 g5 0-1

[Event "Scarborough CC Falling Leaves U1700"]
[Site "Toronto"]
[Date "2010.11.18"]
[Round "4"]
[White "Thanabalachandran, Kajan"]
[Black "Lin, Benjamin1"]
[Result "1-0"]
[WhiteElo "1565"]
[BlackElo "1085"]
[PlyCount "53"]
[EventDate "2010.10.28"]
[EventType "swiss"]
[EventRounds "7"]
[EventCountry "CAN"]
[SourceTitle "EXT 2022"]
[Source "ChessBase"]
[SourceDate "2021.10.06"]
[SourceVersion "1"]
[SourceVersionDate "2021.10.06"]
[SourceQuality "1"]

1. e4 e5 2. Nf3 Nc6 3. Bb5 Nf6 4. 0-0 Nxe4 5. d4 d6 6. dxe5 d5 7. Re1 Bc5 8. Be3 0-0 9. Bxc5 Nxc5 10. Nc3 Be6 11. Qd2 a6 12. Bf1 d4 13. Ne4 Na4 14. b3 Nb6 15. Nc5 Rb8 16. Rad1 Bg4 17. Be2 Qe7 18. Nd3 Rbd8 19. h3 Bh5 20. Nxd4 Bxe2 21. Nxe2 Rfe8 22. Ng3 Nxe5 23. Rxe5 Qxe5 24. Nxe5 Rxd2 25. Rxd2 Rxe5 26. Rd8+ Re8 27. Rxe8# 1-0

[Event "Scarborough CC Falling Leaves U1700"]
[Site "Toronto"]
[Date "2010.11.04"]
[Round "2"]
[White "Thanabalachandran, Kajan"]
[Black "Thanabalachandran, Luxiga"]
[Result "1-0"]
[WhiteElo "1565"]
[BlackElo "679"]
[PlyCount "53"]
[EventDate "2010.10.28"]
[EventType "swiss"]
[EventRounds "7"]
[EventCountry "CAN"]
[SourceTitle "EXT 2022"]
[Source "ChessBase"]
[SourceDate "2021.10.06"]
[SourceVersion "1"]
[SourceVersionDate "2021.10.06"]
[SourceQuality "1"]

1. e4 e5 2. Nf3 Nc6 3. Bb5 a6 4. Ba4 b5 5. Bb3 Nf6 6. 0-0 Bc5 7. Re1 d6 8. h3 Qe7 9. c3 Be6 10. Bc2 Rd8 11. d4 exd4 12. cxd4 Bb6 13. d5 Nb4 14. dxe6 Qxe6 15. Bb3 Qd7 16. Nc3 Qc6 17. a4 bxa4 18. Bxa4 Qd7 19. Bxd7+ Rxd7 20. Nd5 Nfxd5 21. exd5+ Kf8 22. Qa4 Rd8 23. Qxb4 Re8 24. Bf4 Rxe1+ 25. Rxe1 g6 26. Bh6+ Kg8 27. Re8# 1-0

[Event "Toronto Howard Ridout Swiss U1700"]
[Site "Toronto"]
[Date "2010.09.16"]
[Round "2"]
[White "Dattani, Dinesh"]
[Black "Thanabalachandran, Kajan"]
[Result "0-1"]
[WhiteElo "1440"]
[BlackElo "1586"]
[PlyCount "78"]
[EventDate "2010.09.09"]
[EventType "swiss"]
[EventRounds "6"]
[EventCountry "CAN"]
[SourceTitle "EXT 2022"]
[Source "ChessBase"]
[SourceDate "2021.10.06"]
[SourceVersion "1"]
[SourceVersionDate "2021.10.06"]
[SourceQuality "1"]

1. e4 c5 2. Nf3 Nc6 3. d4 cxd4 4. Nxd4 Nf6 5. Nc3 d6 6. Be2 e6 7. Be3 Be7 8. Qd2 0-0 9. Nb3 Bd7 10. 0-0-0 a6 11. f3 Rc8 12. h4 Nh5 13. Bf2 Ne5 14. f4 Nc4 15. Bxc4 Rxc4 16. Qe2 Rxc3 17. bxc3 Nxf4 18. Qf3 Ng6 19. h5 Ne5 20. Qg3 h6 21. Be3 Kh7 22. Kb1 Nc4 23. Bf4 Na3+ 24. Kc1 Nb5 25. Bxd6 Bxd6 26. Rxd6 Nxd6 27. Qxd6 Bc6 28. Qd3 Qg5+ 29. Qd2 Bxe4 30. Qxg5 hxg5 31. Nc5 Bd5 32. Kb2 Kh6 33. Rh2 Rc8 34. Nd7 Rc7 35. Ne5 f6 36. Ng4+ Kh7 37. h6 Rc4 38. Ne3 Rh4 39. hxg7 Rxh2 0-1

[Event "CAN-ch U12"]
[Site "Windsor"]
[Date "2010.07.06"]
[Round "1"]
[White "Maynard Drewery, Justin"]
[Black "Thanabalachandran, Kajan"]
[Result "0-1"]
[WhiteElo "809"]
[BlackElo "1530"]
[PlyCount "56"]
[EventDate "2010.07.06"]
[EventType "swiss"]
[EventRounds "7"]
[EventCountry "CAN"]
[SourceTitle "EXT 2012"]
[Source "ChessBase"]
[SourceDate "2011.11.24"]
[SourceVersion "1"]
[SourceVersionDate "2011.11.24"]
[SourceQuality "1"]

1. c3 c5 2. d3 d5 3. Qa4+ Bd7 4. Qh4 Nf6 5. a3 Nc6 6. h3 e5 7. Rh2 Be7 8. g4 Nxg4 9. hxg4 Bxh4 10. Nf3 Bf6 11. Bg2 Bxg4 12. Be3 d4 13. cxd4 Bxf3 14. Bxf3 Nxd4 15. Bxb7 Rb8 16. Bc6+ Nxc6 17. Bxc5 Nd4 18. Bxa7 Rxb2 19. Nc3 Nc2+ 20. Kd1 Nxa1 21. Rh4 Bxh4 22. Kc1 Rc2+ 23. Kb1 Rxc3 24. Kxa1 Rxa3+ 25. Kb2 Rxa7 26. Kc1 Ra2 27. Kd1 Qa5 28. f3 Qd2# 0-1